000 00698nam a2200265Ia 4500
003 OSt
005 20220918220148.0
006 a|||||r|||| 00| 0
007 ta
008 220917b |||||||| |||| 00| 0 eng d
024 _a144,830
037 _cTextual
040 _aARTS
_cARTS
_beng
041 _2eng
_aeng
082 _aY2:6, N0
100 _aSprey Jetse Ed
_9136699
245 0 _aFashioning family theory
_b New appoaches
260 _aCalifornia
_bSage publication
_c1990
300 _a216p.
_ccm.
490 _aSage focus editions
500 _aIncludes index
650 _aSOCIOLOGY
942 _hY2:6, N0
_cTEXL
_2CC
999 _c267707
_d267707